00410nam a2200157Ia 4500008004100000020000700041082001200048100002100060245002100081250000700102260005500109300002400164500000700188600003300195650002400228240925s9999 xx 000 0 und d aNA a796 SHA aShahid Mahmood . 0aSports Quiz Book aNA aKarachi:bLiliana International Publishersc,1995. a195p.bNAfOriginal aNA aHumanities & Natural Science aArts and Recreation